00325 a2200145 450000100060000002000060000604000220001210000320003424000330006624500280009930000060012736200090013344000230014265000140016555837 a  cAnchieta - Pituba aHenrique, Renato e Álvaro10a2ª Quimica, II unidadelpor10a2ª Quimica, II unidade a60 a2017 1aColégio Anchieta 4aQuímica